Govt. of
Madhya Pradesh

Commission for Inquiry on Communal Disturbances A Study (Record no. 8428)

MARC details
000 -LEADER
fixed length control field 005080000a22001810004500
003 - CONTROL NUMBER IDENTIFIER
control field MACL
005 - DATE AND TIME OF LATEST TRANSACTION
control field 20150710173527.0
008 - FIXED-LENGTH DATA ELEMENTS--GENERAL INFORMATION
fixed length control field 150710b xxu||||| |||| 00| 0 eng d
040 ## - CATALOGING SOURCE
Original cataloging agency MACL
Transcribing agency MACL
041 ## - LANGUAGE CODE
Language code of text/sound track or separate title English
082 ## - DEWEY DECIMAL CLASSIFICATION NUMBER
Classification number 320/AGN
100 ## - MAIN ENTRY--PERSONAL NAME
Personal name Agnihotri, S K
9 (RLIN) 1689
245 ## - TITLE STATEMENT
Title Commission for Inquiry on Communal Disturbances A Study
Remainder of title Volume 1
260 ## - PUBLICATION, DISTRIBUTION, ETC. (IMPRINT)
Name of publisher, distributor, etc. National Foundation for Communal Harmony
Date of publication, distribution, etc. 2007
Place of publication, distribution, etc. New Delhi
350 ## - PRICE (NR) (BK AM CF MU VM SE) [OBSOLETE]
Price 1000
650 ## - SUBJECT ADDED ENTRY--TOPICAL TERM
Topical term or geographic name as entry element Political Science
9 (RLIN) 88
942 ## - ADDED ENTRY ELEMENTS (KOHA)
Koha item type Books
Call number prefix 320
Source of classification or shelving scheme
Holdings
Withdrawn status Lost status Source of classification or shelving scheme Damaged status Not for loan Home library Current library Date acquired Cost, normal purchase price Total Checkouts Full call number Barcode Date last seen Uniform Resource Identifier Price effective from Koha item type
          MACL MACL 15/04/2015 1000.00   320/AGN CRE022377 02/05/2024 8339 15/04/2015 Books